Servants of the servant : (Record no. 9447)

MARC details
000 -LEADER
fixed length control field 00844cam a2200265Ka 4500
001 - CONTROL NUMBER
control field 54752492
003 - CONTROL NUMBER IDENTIFIER
control field OCoLC
005 - DATE AND TIME OF LATEST TRANSACTION
control field 20241126110712.0
008 - FIXED-LENGTH DATA ELEMENTS--GENERAL INFORMATION
fixed length control field 040317s2003 orua b b 000 0deng
020 ## - INTERNATIONAL STANDARD BOOK NUMBER
International Standard Book Number 1592444229
020 ## - INTERNATIONAL STANDARD BOOK NUMBER
International Standard Book Number 9781592444229
035 ## - SYSTEM CONTROL NUMBER
System control number (OCoLC)54752492
040 ## - CATALOGING SOURCE
Original cataloging agency SBI
Transcribing agency SBI
Modifying agency OCLCQ
-- YDXCP
082 ## - DEWEY DECIMAL CLASSIFICATION NUMBER
Classification number 262.1
Item number HOW
092 ## - LOCALLY ASSIGNED DEWEY CALL NUMBER (OCLC)
Classification number 250
Item number H859S
100 1# - MAIN ENTRY--PERSONAL NAME
Personal name Howell, Don N
9 (RLIN) 16479
245 10 - TITLE STATEMENT
Title Servants of the servant :
Remainder of title a biblical theology of leadership /
Statement of responsibility, etc. by Don N. Howell, Jr
260 ## - PUBLICATION, DISTRIBUTION, ETC.
Place of publication, distribution, etc. Secunderabad:
Name of publisher, distributor, etc. GS Books,
Date of publication, distribution, etc. 2019
300 ## - PHYSICAL DESCRIPTION
Extent 307 p. ;
Dimensions 24 cm
504 ## - BIBLIOGRAPHY, ETC. NOTE
Bibliography, etc. note Includes bibliographical references (303-307)
610 20 - SUBJECT ADDED ENTRY--CORPORATE NAME
Corporate name or jurisdiction name as entry element Columbia International University
General subdivision Faculty
9 (RLIN) 16480
650 #0 - SUBJECT ADDED ENTRY--TOPICAL TERM
Topical term or geographic name entry element Christian leadership
General subdivision Biblical teaching
9 (RLIN) 5795
650 #0 - SUBJECT ADDED ENTRY--TOPICAL TERM
Topical term or geographic name entry element Leadership
General subdivision Biblical teaching
9 (RLIN) 6966
942 ## - ADDED ENTRY ELEMENTS (KOHA)
Source of classification or shelving scheme Dewey Decimal Classification
Koha item type Books
Koha issues (borrowed), all copies 2
Holdings
Withdrawn status Lost status Source of classification or shelving scheme Damaged status Not for loan Home library Current Library Shelving location Date acquired Total checkouts Full call number Barcode Date last seen Date last checked out Copy number Price effective from Koha item type
    Dewey Decimal Classification     GRACE BIBLE COLLEGE GRACE BIBLE COLLEGE Ministry & Mission 2022-12-12 2 262.1 HOW 015943 2025-05-01 2023-08-29 c.1 2022-12-12 Books
© Grace Bible College Library 2025